000 01174cam a2200277 a 4500
001 000006917
005 20200929154023.0
008 870623s1986 ve b f000 0 spa d
020 _a9802653616 (obra completa)
020 _a9802653624 (v.1)
040 _aDO-SdBNP
_bspa
_cLC
_dBNPHU
050 0 0 _aF2235.3
_b.B6494 1986
082 _a980/.02/0924
_bB689e
245 0 _aBolívar y Europa en las crónicas, el pensamiento político y la historiografía /
_c[Alberto Gil Novales et al.] ; investigación dirigida por Alberto Filippi ; prólogo J.L. Salcedo-Bastardo.
260 _aCaracas :
_bPresidencia de la República, Comite Ejecutivo del Bicentenario de Simón Bolívar,
_c1986.
300 _av. ;
_c25 cm.
504 _aIncluye bibliografías.
505 0 _gv. 1.
_tSiglo XIX.
600 1 0 _aBolívar, Simón,
_d1783-1830
_xArchives.
_919177
651 0 _aSouth America
_xHistory
_yWars of Independence, 1806-1830
_xForeign Public Opinion, European.
_919178
650 0 _aPublic opinion
_zEurope.
_919179
700 1 _aFilippi, Alberto,
_eintrod.
_919180
700 1 _aSalcedo Bastardo, J. L.,
_epról.
_918082
910 _aCatalogación por copia / LC
049 _aBNGR
999 _c6702
_d6702